00393nam a2200121Ia 4500008004100000245005400041245001400095260000900109650001000118856005100128999001900179952007300198171211s9999 xx 000 0 und d aFinal Fantasy XIII-2: The Complete Official Guide cPiggyback c2012 xGAMES uhttp://down.ebook777.com/055/9780307894205.pdf c348926d348926 001040aCLbCLd2017-12-11l0r2017-12-11 00:00:00w2017-12-11yCBE